Blitz: Multiple 'S' States Quiz Stats

Quiz Updated Dec 12, 2014

Also try: 'O'-Less States
Challenge
Share
Tweet
Embed
Score 0/7 Timer 01:00
8 Plays Today
% Correct
Mississippi
97.3%
Missouri
76.4%
Massachusetts
73.9%
Kansas
67.7%
Arkansas
66.2%
Tennessee
62.3%
Wisconsin
45.2%

You're not logged in!

Compare scores with friends on all Sporcle quizzes.
Sign Up with Email
OR
Log In

You Might Also Like...

Show Comments

Extras

Top Quizzes Today


Score Distribution

Your Account Isn't Verified!

In order to create a playlist on Sporcle, you need to verify the email address you used during registration. Go to your Sporcle Settings to finish the process.